000 00469nam a2200181 i 4500
001 53619
003 ES-MaACL
005 20230906162811.0
007 t|
008 031105q2002 sp |||| | spa d
020 _a84-88944-77-2
080 _a821.134.2-31"19"
100 1 _aDelgado Aguado, Julián.
_943437
245 1 3 _aEl sable roto /
_cJulián Delgado.
260 _aBarcelona :
_bCarena,
_c[2002?]
300 _a254 p. ;
_c21 cm.
852 _aES-MaACL
_jL-26560
999 _c53619
_d53619